000 00927nam a2200277 a 4500
001 u10350
003 SIRSI
005 20180220093536.0
008 010704s2000 flua b 001 0 eng d
020 _a1566704790 (alk. paper)
039 9 _y200203190955
_zload
040 _aEAL
050 _aSB933.3
_bR43 2000
100 1 _aRechcigl, Jack E.
245 1 0 _aBiological and biotechnological control of insect pests /
_cJack E. Rechcigl, Nancy A. Rechcigl.
260 _aBoca Raton, Fla. :
_bLewis Publishers,
_cc2000.
300 _a374 p. :
_bill., map ;
_c24 cm.
440 0 _aAgriculture and environment series
504 _aIncludes bibliographical references and index.
596 _a1
650 0 _aInsect pests
_xBiological control.
650 0 _aBiological pest control agents.
650 0 _aAgricultural biotechnology.
700 1 0 _aRechcigl, Nancy A.
942 _cBK
_2lcc
999 _c18743
_d18743